| 000 | 00837nab a2200253 u 4500 | ||
|---|---|---|---|
| 001 | 14265 | ||
| 003 | HDC | ||
| 007 | cr bn ---aaaaa | ||
| 008 | 210214c mydr|nes 0 a may d | ||
| 040 | _aHDC | ||
| 100 |
_aNabil Basaruddin _eauthor _97618 |
||
| 245 | 0 |
_aProfesional kewangan Islam diperlukan / _cby Nabil Basaruddin |
|
| 260 |
_aMalaysia: _bUtusan Malaysia, _c2015 |
||
| 336 |
_atext _2rdacontent |
||
| 337 |
_acomputer _2rdamedia |
||
| 338 |
_aonline resource _2rdacarrier |
||
| 650 |
_aaccreditation agency _914841 |
||
| 650 |
_aislamic finance _9181 |
||
| 710 | _aUtusan Malaysia | ||
| 856 | _zRequest full-text at [email protected] | ||
| 942 | _2lcc | ||
| 942 | _cNEWS | ||
| 942 | _kNSWC 004564 | ||
| 999 |
_c11581 _d11581 |
||